| 000 | 00422nam a2200157Ia 4500 | ||
|---|---|---|---|
| 008 | 230312s9999||||xx |||||||||||||| ||und|| | ||
| 020 | _a81-7758-115-7 | ||
| 082 |
_a658.049 _bFRA-I |
||
| 100 | _aFrancesco,Anne.Marie | ||
| 245 | 0 | _aInternational Organizational behavior | |
| 260 |
_bPearsons _aIndia _c2009 |
||
| 300 | _a501 | ||
| 546 | _aEng. | ||
| 650 |
_aManagement _vInternational Organizational behavior |
||
| 942 | _cBK | ||
| 999 |
_c5903 _d5903 |
||